Costos y calidad de sorgo forrajero conservado como ensilaje, como heno y como andanas mantenidas en el potrero /
Guardado en:
| Autor Principal: | |
|---|---|
| Autor Corporativo: | |
| Otros Autores: | |
| Formato: | Libro |
| Idioma: | Undetermined |
| Publicado: |
Bahía Blanca,
2013.
|
| Etiquetas: |
Agregar Etiqueta
Sin Etiquetas, Sea el primero en etiquetar este registro!
|
| LEADER | 00725nam a22001575a 4500 | ||
|---|---|---|---|
| 001 | EEA.libagro009270 | ||
| 005 | 20170925124227.0 | ||
| 008 | 131122s2013####ag#a##########000#0#und#d | ||
| 100 | 1 | |a Marcenac, Juan Santiago. | |
| 245 | 1 | 0 | |a Costos y calidad de sorgo forrajero conservado como ensilaje, como heno y como andanas mantenidas en el potrero / |c Juan Santiago Marcenac. |
| 260 | |a Bahía Blanca, |c 2013. | ||
| 300 | |a 38 h. : |b il. ; |c 30 cm. | ||
| 500 | |a Trabajo de intensificación (Ingeniero Agrónomo) -- Universidad Nacional del Sur. Departamento de Agronomía, 2013. | ||
| 700 | 1 | |a Laborde, Hugo, |e tutor. | |
| 710 | 2 | |a Universidad Nacional del Sur. |b Departamento de Agronomía. | |
| 859 | |a AR-BbBCA |b BIB. AGRONOMIA |h 633.174 |i M313 |p 2013/6309 | ||
